Hablemos Papiamento / (Registro nro. 2975)

000 -CABECERA
campo de control de longitud fija 00666nam a2200205 4500
005 - FECHA Y HORA DE LA ÚLTIMA TRANSACCIÓN
campo de control 20211125015100.0
008 - DATOS DE LONGITUD FIJA--INFORMACIÓN GENERAL
campo de control de longitud fija 211125s1974 spa |||fr|||| 001 0 spa d
040 ## - FUENTE DE LA CATALOGACIÓN
Centro catalogador/agencia de origen CENDOC CAAAP
Lengua de catalogación spa
Centro/agencia transcriptor CAAAP
041 ## - CÓDIGO DE LENGUA
Código de lengua del texto/banda sonora o título independiente spa
050 ## - SIGNATURA TOPOGRÁFICA DE LA BIBLIOTECA DEL CONGRESO
Número de clasificación PC 4714
Número de documento/Ítem .G65
100 ## - ENTRADA PRINCIPAL--NOMBRE DE PERSONA
9 (RLIN) 4482
Nombre personal Goilo, E. R.
245 ## - MENCIÓN DE TÍTULO
Título Hablemos Papiamento /
Mención de responsabilidad, etc. E. R. Goilo
250 ## - MENCIÓN DE EDICIÓN
Mención de edición 1ra. ed.
260 ## - PUBLICACIÓN, DISTRIBUCIÓN, ETC.
Lugar de publicación, distribución, etc. Aruba :
Nombre del editor, distribuidor, etc. De Wit Stores,
Fecha de publicación, distribución, etc. 1974
300 ## - DESCRIPCIÓN FÍSICA
Extensión 88 p.
505 1# - NOTA DE CONTENIDO CON FORMATO
Nota de contenido con formato Contiene : Los pronombres personales -- El modo subjuntivo -- Los colores -- La edad -- Los numerales -- En el mercado -- Un viaje a Aruba
650 10 - PUNTO DE ACCESO ADICIONAL DE MATERIA--TÉRMINO DE MATERIA
9 (RLIN) 4358
Término de materia o nombre geográfico como elemento de entrada Gramática
650 10 - PUNTO DE ACCESO ADICIONAL DE MATERIA--TÉRMINO DE MATERIA
9 (RLIN) 4432
Término de materia o nombre geográfico como elemento de entrada Fonologia
942 ## - ELEMENTOS PERSONALIZADOS KOHA
Fuente del sistema de clasificación o colocación
Fecha de catalogación 25 - 11 - 21
Tipo de ítem Koha Libros
Existencias
Fuente del sistema de clasificación o colocación Localización permanente Ubicación/localización actual Fecha de adquisición Número de inventario Total de préstamos Signatura LC Fecha visto por última vez Tipo de ítem Koha
  CENTRO DE DOCUMENTACIÓN (CENDOC) CENTRO DE DOCUMENTACIÓN (CENDOC) 11/25/2021 001891   PC 4714 .G65 11/25/2021 Libros
Centro de Documentación CAAAP | AV. Manuel González Prada 626, Magdalena del Mar | (51-1) 4615223 Anexo 205 y 209 | cendoc@caaap.org.pe